| 000 | 01211nam a2200313 i 4500 | ||
|---|---|---|---|
| 001 | 184523 | ||
| 003 | ES-MaACL | ||
| 005 | 20250712081907.0 | ||
| 008 | 151007s2009 sp d |||| | spa d | ||
| 020 | _a978-84-7800-238-2 | ||
| 080 | _a321.7(72) | ||
| 080 | _a342.5(72) | ||
| 245 | 0 | 0 |
_aMéxico, el nuevo escenario político ante el bicentenario / _cManuel Alcántara Sáez, Ernesto Hernández Norzagaray (comps.). |
| 250 | _a1ª ed. | ||
| 260 |
_aSalamanca : _bEdiciones Universidad de Salamanca, _c2009. |
||
| 300 |
_a344 p. : _bgráf. ; _c24 cm. |
||
| 490 | 1 |
_aActa Salmanticensia. Biblioteca de América ; _v43 |
|
| 504 | _aReferencias bibliográficas. | ||
| 650 | 7 |
_aDemocracia- _zMéxico. _911571 |
|
| 650 | 7 |
_aInstituciones políticas- _zMéxico. _9157849 |
|
| 651 | 7 |
_aMéxico- _xPolítica y gobierno. _9157848 |
|
| 700 | 1 |
_aAlcántara Sáez, Manuel. _919503 |
|
| 700 | 1 |
_aHernández Norzagaray, Ernesto. _9157850 |
|
| 830 | 0 | 0 |
_aActa Salmanticensia _v43 _9181394 |
| 852 |
_aES-MaACL _jA-13574 _9191522 _bR.150786 _cDEPO1 _dOlim: N-6574 _hDonación: Real Academia Española |
||
| 914 |
_96336 _aReal Academia Española _ednr |
||
| 942 |
_2udc _cMONOGRAFIA |
||
| 999 |
_c184523 _d184523 |
||